000 00412nam a2200133Ia 4500
008 231129s9999||||xx |||||||||||||| ||spa||
020 _a958-8232-70-8
040 _bspa
082 _aCo861 C764h
100 _aContreras Hernandez Mauricio
245 0 _aLa herida intacta
264 _aAlcaldia Mayor de Bogota ; Instituto Distrital de Cultura y Turismo
942 _2ddc
_cBKS
999 _c17296
_d17296